Statistics for Tennis Top 10-Men’s

Click here to take the quiz!

General Stats

  • This quiz has been taken 49 times
  • The average score is 9 of 10

Answer Stats

CountryPlayer% Correct
Spain 🇪🇸Rafael Nadal
100%
Serbia 🇷🇸Novak Djokovic
98%
Russia 🇷🇺Daniil Medvedev
95%
Greece 🇬🇷Stefanos Tsitsipas
95%
Germany 🇩🇪Alexander Zverev
93%
Spain 🇪🇸Carlos Alcaraz
88%
Norway 🇳🇴Casper Ruud
83%
Poland 🇵🇱Hubert Hurkacz
81%
United Kingdom 🇬🇧Cameron Norrie
79%
Canada 🇨🇦Felix Auger-Aliassime
74%

Score Distribution

Percentile by Number Answered

Percent of People with Each Score

Your Score History

You have not taken this quiz